00410nam a2200157Ia 4500003000500000005001700005008004100022020002800063040000900091082001800100100002100118245001400139260003800153300002000191490004100211322820220613105118.0210817s9999 xx 000 0 und d a9781770096721qhardback c3228 aJ 968.73 CADM a CADMAN, Mike  0aNoordwes  aJohannesburg bJacana mediac2009 a70 pagesc24 cm aOntdek ons provinsiesx9781770097421